Modelovanie ekonomických procesov

Guardado en:
Detalles Bibliográficos
Autor principal: Dančová, Eliška
Autor Corporativo: Vysoká škola ekonomická v Bratislave. Fakulta ekonomiky a riadenia výrobných odvetví
Otros Autores: Matulová, Zuzana
Formato: Libro
Lenguaje:eslovaco
Publicado: Bratislava Vysoká škola ekonomická 1984
Etiquetas: Agregar Etiqueta
Sin Etiquetas, Sea el primero en etiquetar este registro!

MARC

LEADER 00000nam a2200000 4500
001 c114215
005 20181219124745.3
041 0 |a slo 
044 |a SK 
245 1 0 |a Modelovanie ekonomických procesov  |c Eliška Dančová, Zuzana Matulová 
264 1 |a Bratislava  |b Vysoká škola ekonomická  |c 1984 
300 |a 195 s. 
100 1 |a Dančová, Eliška 
700 1 |a Matulová, Zuzana 
710 2 |a Vysoká škola ekonomická v Bratislave. Fakulta ekonomiky a riadenia výrobných odvetví